000 00991nas a2200349 4500
001 BR2013000609
003 BR-BrBNA
005 20231205121824.0
007 ta
008 230509b bl.|||p| |||| 00| 00por d
040 _aBR-BrBNA
_bpor
_cBiblioteca Nacional de Agricultura
041 _a(Pt)
072 _aL73
100 1 _aRissi, D.R.
100 1 _aRech, R.R.
100 1 _aBarros, R.R.
100 1 _aKommers, G.D.
100 1 _aLangohr, I.M.
100 1 _aPierezan, F.
100 1 _aBarros, C.S.L.
245 1 _aForma nervosa de listeriose em caprinos
246 1 _aListeric meningoencephalitis in goats
650 _aCAPRINO
650 _aLISTERIOSE
650 _aDOENÇA ANIMAL
650 _aBACTÉRIA
650 _aLISTERIA MONOCYTOGENES
650 _aENCEFALITE
773 0 _tPesquisa Veterinária Brasileira (Brazil)
_xISSN 0100-736X
_g(Jan-Mar 2006), v. 26(1) p. 14-20
_wBR2013000609
909 _a202311
_bLúcia
_c55
_dLúcia Elande
942 _2AGRIS
_n0
_cANA
999 _c225422
_d225422